000 00590nam a2200193Ia 4500
005 20260114185643.0
008 008 260114s9999 xx 000 0 eng d
020 _a9781474210553
037 _aEBOOK
040 _aCRL
_beng
_cCRL
041 _aeng
_2eng
084 _qCRL
100 _aPaul Scannell
_9872735
245 0 _aConflict and Soldiers' Literature in Early Modern Europe The Reality of War
260 _bBloomsbury
_c2014
856 _uhttps://doi.org/10.5040/9781474210553?locatt=label:secondary_bloomsburyCollections
942 _cEBOOK
999 _c1471683
_d1471683